The all england law reports reprint (Record no. 619008)

MARC details
000 -LEADER
fixed length control field 00475nam a2200169 a 4500
008 - FIXED-LENGTH DATA ELEMENTS--GENERAL INFORMATION
fixed length control field 260407s2026##################000#0#eng##
020 ## - INTERNATIONAL STANDARD BOOK NUMBER
ISBN 9780406000194
Paper back/Hardbound hbk
082 04 - DEWEY DECIMAL CLASSIFICATION NUMBER
Classification number 348.42 ALL(R)
100 ## - MAIN ENTRY--AUTHOR NAME
Personal name Bridgman, G. F. L
245 10 - TITLE STATEMENT
Title The all england law reports reprint
Statement of responsibility, etc /G.F.L Bridgman,ESQ., O.B.E.
250 ## - EDITION STATEMENT
Edition statement 1st ed.
260 ## - PUBLICATION, DISTRIBUTION, ETC. (IMPRINT)
Place of publication London:
Name of publisher Butterworth,
Year of publication 1968.
300 ## - PHYSICAL DESCRIPTION
Number of Pages 650p.
Dimensions ;23cm.
650 ## - SUBJECT ADDED ENTRY--TOPICAL TERM
Topical Term Laws of England
942 ## - ADDED ENTRY ELEMENTS (KOHA)
Koha item type English Books
Holdings
Withdrawn status Lost status Damaged status Not for loan Home library Current library Shelving location Date acquired Full call number Accession Number Price effective from Koha item type
        Anna Centenary Library Anna Centenary Library 4TH FLOOR, A WING 07.04.2026 348.42 ALL(R) 400862 07.04.2026 English Books

Find us on the map